[Event "DVM U20 2010"]
[Site "Osnabrück GER"]
[Date "2010.12.30"]
[Round "7"]
[White "Fiegenbaum, Manuel"]
[Black "Karmann, Anna"]
[Result "0-1"]
[Termination "normal"]
[Board "4.6"]
[WhiteElo "1793"]
[BlackElo "1935"]
[WhiteTeam "Hagener SV"]
[BlackTeam "SG Porz"]
[PlyCount "168"]
[WhiteFideId "24693537"]
[BlackFideId "24648000"]
[EventCountry "GER"]
[EventRounds "7"]
[EventType "team-swiss"]
[EventDate "2010.12.26"]

1. e4 c6 2. d4 d5 3. Nc3 dxe4 4. Nxe4 Bf5 5. Ng3 Bg6 6. Nf3 Nd7 7. Bc4 e6 8.
Bf4 Ngf6 9. O-O Be7 10. c3 O-O 11. Nh4 Nd5 12. Nxg6 hxg6 13. Bd2 N7f6 14. Re1
c5 15. dxc5 Bxc5 16. Ne4 Nxe4 17. Rxe4 Qb6 18. Qc2 Bxf2+ 19. Kh1 Nf6 20. Rf4
Be3 21. Bxe3 Qxe3 22. Raf1 Rad8 23. R4f3 Rd2 24. Qc1 Qg5 25. Rg3 Qh6 26. Rh3
Qg5 27. Rg3 Qh6 28. Rh3 Nh5 29. Rhf3 Rd6 30. Qe1 g5 31. Qe4 Nf4 32. Qxb7 Rd2
33. R3f2 Rfd8 34. Qe7 Qf6 35. Qxa7 Rxf2 36. Qxf2 Qe7 37. Bb3 Qb7 38. h4 Nd3 39.
Qg3 gxh4 40. Qxh4 Qb6 41. Bc2 Rd5 42. Bxd3 Rxd3 43. Qf2 Qc7 44. Qf4 Qa7 45. a3
Rd5 46. g4 Qb7 47. Qf3 Qd7 48. Kg2 f6 49. Rf2 Rd3 50. Qe4 Qd6 51. Qf4 Qd5+ 52.
Kh2 Rd1 53. Qf3 Qd6+ 54. Kg2 Rd3 55. Qa8+ Kh7 56. Qe4+ f5 57. Qf4 Qd5+ 58. Kg1
Rh3 59. Rh2 Qd1+ 60. Kg2 Rxh2+ 61. Qxh2+ Kg8 62. gxf5 Qc2+ 63. Kg3 Qd3+ 64. Kg2
Qd5+ 65. Kg3 exf5 66. Qe2 Qd6+ 67. Kh4 Qf4+ 68. Kh3 Qh6+ 69. Kg3 Qg5+ 70. Kf2
Qf4+ 71. Ke1 Qc1+ 72. Kf2 Qf4+ 73. Kg2 Qg5+ 74. Kf3 Qg4+ 75. Ke3 f4+ 76. Kd2 f3
77. Qf2 Qg5+ 78. Kd3 Qf4 79. a4 g5 80. a5 g4 81. a6 Qd6+ 82. Ke3 Qc5+ 83. Kf4
Qxf2 84. Kxg4 Qg2+ 0-1

[Event "DVM U20 2010"]
[Site "Osnabrück GER"]
[Date "2010.12.30"]
[Round "7"]
[White "Meier, Lars"]
[Black "Knickel, Aaron"]
[Result "0-1"]
[Termination "normal"]
[Board "5.1"]
[WhiteElo "1978"]
[BlackElo "2161"]
[WhiteTeam "SK Gründau"]
[BlackTeam "SF Neuberg"]
[PlyCount "123"]
[WhiteFideId "24602396"]
[BlackFideId "24605298"]
[EventCountry "GER"]
[EventRounds "7"]
[EventType "team-swiss"]
[EventDate "2010.12.26"]

1. e4 g6 2. d4 Bg7 3. Nc3 d6 4. Be3 a6 5. Nf3 Nd7 6. a4 b6 7. Bd3 Bb7 8. Qd2 c5
9. h4 h5 10. Ne2 Qc7 11. c3 Ngf6 12. Ng3 Ng4 13. Qe2 Nxe3 14. fxe3 c4 15. Bc2
e5 16. O-O Nf6 17. Ng5 O-O 18. Rf3 Bc8 19. Qd2 Bg4 20. Rf2 Nh7 21. Nxh7 Kxh7
22. Raf1 Qe7 23. Nh1 Qxh4 24. Rxf7 Be6 25. Rxf8 Rxf8 26. Rxf8 Bxf8 27. Qf2 Qe7
28. Ng3 b5 29. Nf1 g5 30. Ng3 Kg6 31. Nf5 Qf7 32. Qg3 Qf6 33. Qe1 Qd8 34. axb5
axb5 35. Qa1 Bd7 36. Qa7 Qc8 37. Qb6 Qc6 38. Qd8 Be8 39. Bd1 Qd7 40. Qb8 Qe6
41. Qb7 Qd7 42. Qa8 Qc6 43. Qb8 Qd7 44. Be2 Qe6 45. Qb7 Qd7 46. Qa8 Qc6 47. Qb8
exd4 48. Ng3 g4 49. exd4 h4 50. Nf1 Qxe4 51. Bxg4 Qe7 52. Qc8 Bh6 53. Qf5+ Kg7
54. Qf2 Bc6 55. d5 Bxd5 56. Qb6 Qe5 57. Qxb5 Be3+ 58. Nxe3 Qxe3+ 59. Kf1 Bxg2+
60. Kxg2 Qg3+ 61. Kf1 Qxg4 62. Qe8 0-1

[Event "DVM U20 2010"]
[Site "Osnabrück GER"]
[Date "2010.12.30"]
[Round "7"]
[White "Hahn, Florian"]
[Black "Hummel, Dennis"]
[Result "0-1"]
[Termination "normal"]
[Board "5.3"]
[WhiteElo "2033"]
[BlackElo "2020"]
[WhiteTeam "SK Gründau"]
[BlackTeam "SF Neuberg"]
[PlyCount "84"]
[WhiteFideId "24659720"]
[BlackFideId "4638336"]
[EventCountry "GER"]
[EventRounds "7"]
[EventType "team-swiss"]
[EventDate "2010.12.26"]

1. c4 Nf6 2. g3 e6 3. Nf3 d5 4. d4 Be7 5. Bg2 O-O 6. Qc2 c6 7. O-O Nbd7 8. Nbd2
Qc7 9. e4 dxe4 10. Nxe4 e5 11. dxe5 Nxe5 12. Nxe5 Qxe5 13. Bf4 Qh5 14. Rfe1 Bf5
15. Qe2 Qg6 16. Be5 Rad8 17. Nxf6+ Bxf6 18. Bxf6 Qxf6 19. b3 Be6 20. Rad1 h6
21. c5 Qc3 22. Rc1 Qb4 23. Red1 Rfe8 24. Qe3 Rxd1+ 25. Rxd1 Bd7 26. Qd3 Re1+
27. Rxe1 Qxe1+ 28. Bf1 Bh3 29. Qd8+ Kh7 30. Qd3+ Kg8 31. Qd8+ Kh7 32. Qd3+ g6
33. Qc4 Kg8 34. Qe2 Qa1 35. a4 a5 36. Qd3 Kg7 37. Qc4 Qxf1+ 38. Qxf1 Bxf1 39.
Kxf1 Kf6 40. Ke2 Ke5 41. Kd3 Kd5 42. h4 f5 0-1

[Event "DVM U20 2010"]
[Site "Osnabrück GER"]
[Date "2010.12.30"]
[Round "7"]
[White "Kolb, Niklas"]
[Black "Bluhm, Achim"]
[Result "0-1"]
[Termination "normal"]
[Board "5.5"]
[WhiteElo "1634"]
[BlackElo "1955"]
[WhiteTeam "SK Gründau"]
[BlackTeam "SF Neuberg"]
[PlyCount "138"]
[WhiteFideId "24659746"]
[BlackFideId "1270565"]
[EventCountry "GER"]
[EventRounds "7"]
[EventType "team-swiss"]
[EventDate "2010.12.26"]

1. e4 c5 2. Nf3 a6 3. g3 e6 4. Bg2 b5 5. O-O Bb7 6. c3 Bxe4 7. Re1 Bb7 8. d4
Nf6 9. Bg5 Be7 10. Bxf6 Bxf6 11. dxc5 O-O 12. Nh4 Bxg2 13. Nxg2 Qc7 14. Qf3 Nc6
15. Qf4 Rac8 16. Qxc7 Rxc7 17. f4 Na5 18. a3 Nb3 19. Ra2 Rxc5 20. Rd1 d5 21. a4
Rc7 22. axb5 axb5 23. Ra3 Nc5 24. Ra5 Rb8 25. Na3 Rcb7 26. Nc2 Ne4 27. Nb4 h6
28. Ne1 Nd6 29. Ned3 Bd8 30. Ra2 Bb6+ 31. Kg2 Nc4 32. Rda1 Kh7 33. Na6 Rc8 34.
Nab4 d4 35. Ra8 Rxa8 36. Rxa8 dxc3 37. bxc3 Ne3+ 38. Kf3 Nf1 39. Kg2 Ne3+ 40.
Kf3 Nd1 41. Na2 Ra7 42. Rxa7 Bxa7 43. Ne5 Kg8 44. Nc6 Bb6 45. Ne5 Ba5 46. c4 b4
47. Nc1 Nb2 48. Nb3 Bc7 49. c5 Bxe5 50. fxe5 Kf8 51. Ke3 Ke7 52. Kd4 Kd7 53.
Na5 Kc7 54. Nb3 f6 55. exf6 gxf6 56. Ke4 Kd7 57. Nd4 f5+ 58. Ke3 Nc4+ 59. Kd3
Ne5+ 60. Ke2 Nc6 61. Nb3 e5 62. Ke3 Ke6 63. h3 h5 64. h4 Kd5 65. Kd3 e4+ 66.
Ke3 Kc4 67. Nd2+ Kxc5 68. Nxe4+ fxe4 69. Kxe4 Kc4 0-1

[Event "DVM U20 2010"]
[Site "Osnabrück GER"]
[Date "2010.12.30"]
[Round "7"]
[White "Bluhm, Sonja Maria"]
[Black "Tautz, Jonas"]
[Result "1-0"]
[Termination "normal"]
[Board "5.6"]
[WhiteElo "1818"]
[BlackElo "1529"]
[WhiteTeam "SF Neuberg"]
[BlackTeam "SK Gründau"]
[PlyCount "55"]
[WhiteFideId "24654027"]
[BlackFideId "1270633"]
[EventCountry "GER"]
[EventRounds "7"]
[EventType "team-swiss"]
[EventDate "2010.12.26"]

1. e4 c5 2. Nf3 e6 3. d4 cxd4 4. Nxd4 Nf6 5. Nc3 d6 6. Be3 a6 7. Be2 Be7 8. O-O
O-O 9. f4 b5 10. a3 Bb7 11. Bd3 Nbd7 12. g4 e5 13. Nf5 exf4 14. Bxf4 Nc5 15.
Qf3 d5 16. exd5 Nxd3 17. cxd3 Nxd5 18. Nxd5 Bc5+ 19. d4 Bxd5 20. Qe3 Bb6 21.
Qe5 f6 22. Qxd5+ Qxd5 23. Ne7+ Kh8 24. Nxd5 Bxd4+ 25. Kg2 Bxb2 26. Ra2 Bd4 27.
Nc7 g5 28. Bg3 1-0

[Event "DVM U20 2010"]
[Site "Osnabrück GER"]
[Date "2010.12.30"]
[Round "7"]
[White "Moeller, Jeremy"]
[Black "Rafayevych, Vilen"]
[Result "0-1"]
[Termination "normal"]
[Board "6.1"]
[WhiteElo "1846"]
[BlackElo "2059"]
[WhiteTeam "SC 1926 Bendorf"]
[BlackTeam "SG Aufbau Elbe Magdeburg"]
[PlyCount "98"]
[WhiteFideId "24692913"]
[BlackFideId "24673897"]
[EventCountry "GER"]
[EventRounds "7"]
[EventType "team-swiss"]
[EventDate "2010.12.26"]

1. e4 c5 2. Nf3 e6 3. d4 cxd4 4. Nxd4 Nc6 5. Nxc6 bxc6 6. c4 Qc7 7. Nc3 Nf6 8.
Be2 Be7 9. O-O O-O 10. Be3 Rb8 11. Rb1 d6 12. h3 Rd8 13. Bf4 e5 14. Bg5 h6 15.
Bh4 Be6 16. Qd3 Rb4 17. b3 d5 18. Bxf6 Bxf6 19. cxd5 cxd5 20. Rbc1 dxe4 21.
Nxe4 Qe7 22. Nxf6+ Qxf6 23. Qe3 Rbd4 24. Rfd1 Qg6 25. Kh1 Rxd1+ 26. Bxd1 Rd3
27. Bc2 Rxe3 28. Bxg6 Re2 29. Bc2 Rxf2 30. Kg1 Rd2 31. a4 Bd5 32. g4 Rg2+ 33.
Kf1 Rh2 34. Rd1 Rh1+ 35. Kf2 Rxd1 36. Bxd1 a5 37. b4 axb4 38. a5 Kf8 39. Ke3
Ke7 40. a6 Kd7 41. a7 Kc7 42. Bb3 Bg2 43. Bxf7 Kb7 44. h4 Kxa7 45. g5 hxg5 46.
hxg5 Kb6 47. Bb3 Kc5 48. Ba2 Bd5 49. Bb1 b3 0-1

[Event "DVM U20 2010"]
[Site "Osnabrück GER"]
[Date "2010.12.30"]
[Round "7"]
[White "Schulz, Marcel"]
[Black "Schlöffel, Christian"]
[Result "1-0"]
[Termination "normal"]
[Board "6.2"]
[WhiteElo "1835"]
[BlackElo "1901"]
[WhiteTeam "SG Aufbau Elbe Magdeburg"]
[BlackTeam "SC 1926 Bendorf"]
[PlyCount "117"]
[WhiteFideId "1270585"]
[BlackFideId "24692921"]
[EventCountry "GER"]
[EventRounds "7"]
[EventType "team-swiss"]
[EventDate "2010.12.26"]

1. e4 e5 2. Nf3 Nc6 3. Nc3 Bc5 4. Nxe5 Nxe5 5. d4 Bd6 6. dxe5 Bxe5 7. f4 Bxc3+
8. bxc3 d6 9. Bd3 Qh4+ 10. g3 Qh3 11. Qf3 Nf6 12. Bf1 Qg4 13. Bg2 O-O 14. Kf2
Qxf3+ 15. Bxf3 Re8 16. Re1 Bh3 17. Ba3 Ng4+ 18. Kg1 f5 19. Rab1 Rab8 20. exf5
Ne3 21. Re2 Nxf5 22. Rxb7 Rxb7 23. Rxe8+ Kf7 24. Bxb7 Kxe8 25. Be4 Ke7 26. Kf2
Ke6 27. c4 h5 28. Bb2 h4 29. Kf3 g6 30. Bc3 hxg3 31. hxg3 Ne7 32. g4 Bf1 33.
Bd3 Bxd3 34. cxd3 d5 35. Be5 dxc4 36. dxc4 c5 37. Ke4 Nc6 38. f5+ gxf5+ 39.
gxf5+ Ke7 40. a3 Kd7 41. Bg7 Nd8 42. Kd5 Kc7 43. Kxc5 Nf7 44. Kd5 Kd7 45. c5
Nd8 46. Be5 a6 47. Bd6 a5 48. a4 Nc6 49. Kc4 Na7 50. Be5 Nc8 51. Bc3 Ne7 52. f6
Nc6 53. Kb5 Nd8 54. Bxa5 Nf7 55. Bc3 Kc7 56. a5 Kb7 57. a6+ Kc7 58. Bd4 Nd8 59.
Be5+ 1-0

[Event "DVM U20 2010"]
[Site "Osnabrück GER"]
[Date "2010.12.30"]
[Round "7"]
[White "Sydorenko, Sascha"]
[Black "Schiffner, Kevin"]
[Result "1-0"]
[Termination "normal"]
[Board "6.3"]
[WhiteElo "1824"]
[BlackElo "1948"]
[WhiteTeam "SC 1926 Bendorf"]
[BlackTeam "SG Aufbau Elbe Magdeburg"]
[PlyCount "67"]
[BlackFideId "24674940"]
[EventCountry "GER"]
[EventRounds "7"]
[EventType "team-swiss"]
[EventDate "2010.12.26"]

1. e4 c5 2. Nf3 e6 3. d4 cxd4 4. Nxd4 a6 5. c4 Qc7 6. a3 Nf6 7. Nc3 Nc6 8. Be3
Be7 9. Be2 O-O 10. O-O d6 11. Rc1 Qd8 12. f4 Bd7 13. Kh1 h6 14. Bf3 Qa5 15. Nb3
Qd8 16. Qe2 Na5 17. Nd2 Nc6 18. b4 Rb8 19. Rfe1 b6 20. Nb3 a5 21. b5 Na7 22. e5
Ne8 23. Rc2 Qc7 24. Rd2 Rd8 25. Nxa5 Nxb5 26. Nxb5 Bxb5 27. cxb5 bxa5 28. b6
Qb8 29. Qb5 dxe5 30. Rxd8 Bxd8 31. fxe5 a4 32. Qxa4 Bxb6 33. Rb1 Qxe5 34. Bxb6
1-0

[Event "DVM U20 2010"]
[Site "Osnabrück GER"]
[Date "2010.12.30"]
[Round "7"]
[White "Pretz, Dominik"]
[Black "Rickmann, David"]
[Result "0-1"]
[Termination "normal"]
[Board "6.5"]
[WhiteElo "1539"]
[BlackElo "1876"]
[WhiteTeam "SC 1926 Bendorf"]
[BlackTeam "SG Aufbau Elbe Magdeburg"]
[PlyCount "92"]
[WhiteFideId "12927210"]
[BlackFideId "24657360"]
[EventCountry "GER"]
[EventRounds "7"]
[EventType "team-swiss"]
[EventDate "2010.12.26"]

1. d4 f5 2. Bf4 Nf6 3. c4 g6 4. Nc3 Bg7 5. Nf3 O-O 6. e3 d6 7. Bd3 a6 8. O-O h6
9. e4 g5 10. Bd2 f4 11. e5 dxe5 12. dxe5 Qxd3 13. exf6 Bxf6 14. Nd5 Qxc4 15.
Nxf6+ exf6 16. Bc3 Nc6 17. Re1 Bf5 18. Qe2 Qxe2 19. Rxe2 Bg4 20. h3 Bh5 21. Re6
Bxf3 22. gxf3 Kg7 23. Rae1 Kg6 24. a3 Rad8 25. Kg2 Rf7 26. R6e4 Kf5 27. b4 Rd3
28. Rc4 Rfd7 29. Rc1 h5 30. a4 R3d5 31. a5 Rh7 32. Kh2 g4 33. hxg4+ hxg4+ 34.
Kg2 Rd3 35. fxg4+ Kxg4 36. Bxf6 Rdh3 37. Rg1 Kf5 38. Bb2 f3+ 39. Kf1 R7h4 40.
Rc5+ Ke4 41. Rc4+ Kd3 42. Rxh4 Rxh4 43. Rg3 Rh1+ 44. Rg1 Rxg1+ 45. Kxg1 Nxb4
46. Ba3 Nc6 0-1

[Event "DVM U20 2010"]
[Site "Osnabrück GER"]
[Date "2010.12.30"]
[Round "7"]
[White "Schiffner, Alexander"]
[Black "Weber, Dirk"]
[Result "1-0"]
[Termination "normal"]
[Board "6.6"]
[WhiteElo "1645"]
[BlackElo "1354"]
[WhiteTeam "SG Aufbau Elbe Magdeburg"]
[BlackTeam "SC 1926 Bendorf"]
[PlyCount "89"]
[EventCountry "GER"]
[EventRounds "7"]
[EventType "team-swiss"]
[EventDate "2010.12.26"]

1. e4 e5 2. Nf3 Nc6 3. Bb5 a6 4. Ba4 Bc5 5. d3 d6 6. h3 Be6 7. Nc3 h6 8. O-O
Nf6 9. Be3 Ba7 10. d4 Bd7 11. d5 Na5 12. Bxd7+ Qxd7 13. Bxa7 Rxa7 14. Qd3 b6
15. Nh4 O-O 16. Nf5 Kh7 17. b4 Nb7 18. Qf3 g6 19. Nxh6 Nxd5 20. Ng4 Kg7 21.
Nxd5 f5 22. Nh2 Raa8 23. exf5 gxf5 24. Qh5 Qe6 25. Nxc7 Qf7 26. Qxf7+ Kxf7 27.
Nxa8 Rxa8 28. c4 e4 29. Rfe1 Rg8 30. Rad1 Ke6 31. Nf3 Kd7 32. Nd4 Rg5 33. Rc1
Ke7 34. f3 Nd8 35. fxe4 fxe4 36. Rxe4+ Re5 37. Rxe5+ dxe5 38. Nf5+ Kf6 39. g4
Nc6 40. a3 e4 41. Rd1 Ne5 42. Rd6+ Kf7 43. Rxb6 Nxc4 44. Rxa6 e3 45. Nxe3 1-0

[Event "DVM U20 2010"]
[Site "Osnabrück GER"]
[Date "2010.12.30"]
[Round "7"]
[White "Fuhrmann, Max"]
[Black "Olbrich, Jakob"]
[Result "1/2-1/2"]
[Termination "normal"]
[Board "7.1"]
[WhiteElo "2147"]
[BlackElo "1794"]
[WhiteTeam "SK Kelheim 1920"]
[BlackTeam "USV TU Dresden"]
[PlyCount "57"]
[WhiteFideId "24620114"]
[EventCountry "GER"]
[EventRounds "7"]
[EventType "team-swiss"]
[EventDate "2010.12.26"]

1. e4 d6 2. d4 Nf6 3. Nc3 e5 4. Nf3 Nbd7 5. Bc4 h6 6. h3 Be7 7. O-O O-O 8. Re1
c6 9. Bb3 Qc7 10. Be3 Re8 11. a4 a5 12. Qe2 b6 13. Rad1 Ba6 14. Bc4 Nb8 15. d5
Bxc4 16. Qxc4 c5 17. Nxe5 dxe5 18. d6 Qb7 19. dxe7 Rxe7 20. Nd5 Nxd5 21. Rxd5
Nc6 22. Red1 Rc8 23. c3 Kh8 24. Rd6 Kh7 25. Qb5 Kh8 26. Qe2 Rcc7 27. Qg4 Qc8
28. Qh5 Re6 29. R6d5 1/2-1/2

[Event "DVM U20 2010"]
[Site "Osnabrück GER"]
[Date "2010.12.30"]
[Round "7"]
[White "Grunwald, Martin"]
[Black "Eibl, Maximilian"]
[Result "1/2-1/2"]
[Termination "normal"]
[Board "7.2"]
[WhiteElo "1660"]
[BlackElo "2121"]
[WhiteTeam "USV TU Dresden"]
[BlackTeam "SK Kelheim 1920"]
[PlyCount "43"]
[WhiteFideId "1270580"]
[BlackFideId "24620092"]
[EventCountry "GER"]
[EventRounds "7"]
[EventType "team-swiss"]
[EventDate "2010.12.26"]

1. e4 c5 2. Nf3 d6 3. d4 cxd4 4. Nxd4 Nf6 5. Nc3 a6 6. f3 b5 7. Be3 e6 8. Qd2
Nbd7 9. g4 Nb6 10. O-O-O Bb7 11. g5 Nfd7 12. Rg1 b4 13. Nb1 d5 14. Bd3 Ne5 15.
Qe2 Nbc4 16. Nd2 Qc7 17. exd5 Bxd5 18. Kb1 Rc8 19. Bf4 Bd6 20. Nxc4 Bxc4 21.
Bxc4 Qxc4 22. Qxc4 1/2-1/2

[Event "DVM U20 2010"]
[Site "Osnabrück GER"]
[Date "2010.12.30"]
[Round "7"]
[White "Bräutigam, Markus"]
[Black "Schamschurko, Victor"]
[Result "1/2-1/2"]
[Termination "normal"]
[Board "7.3"]
[WhiteElo "1731"]
[BlackElo "1749"]
[WhiteTeam "SK Kelheim 1920"]
[BlackTeam "USV TU Dresden"]
[PlyCount "77"]
[WhiteFideId "24620076"]
[BlackFideId "24695637"]
[EventCountry "GER"]
[EventRounds "7"]
[EventType "team-swiss"]
[EventDate "2010.12.26"]

1. c4 Nf6 2. Nf3 g6 3. g3 Bg7 4. Bg2 c6 5. d4 d6 6. Nc3 O-O 7. O-O d5 8. c5
Nbd7 9. Bf4 Nh5 10. Bg5 h6 11. Be3 Re8 12. Qd2 Kh7 13. g4 Nhf6 14. g5 Ng8 15.
gxh6 Bxh6 16. Bxh6 Nxh6 17. Ng5+ Kg7 18. e4 dxe4 19. Ncxe4 Nf8 20. Rfe1 f5 21.
Ng3 e5 22. Rad1 e4 23. f3 exf3 24. Bxf3 Rxe1+ 25. Rxe1 Nf7 26. Nxf7 Kxf7 27. d5
cxd5 28. Qxd5+ Qxd5 29. Bxd5+ Ne6 30. Ne2 Kf6 31. b4 a5 32. a3 axb4 33. axb4
Nc7 34. Bg2 Ra4 35. Rb1 Na6 36. c6 bxc6 37. Bxc6 Rxb4 38. Rxb4 Nxb4 39. Bf3
1/2-1/2

[Event "DVM U20 2010"]
[Site "Osnabrück GER"]
[Date "2010.12.30"]
[Round "7"]
[White "Pfefferkorn, Kai"]
[Black "Arnold, Sebastian"]
[Result "1/2-1/2"]
[Termination "normal"]
[Board "7.4"]
[WhiteElo "1570"]
[BlackElo "1752"]
[WhiteTeam "USV TU Dresden"]
[BlackTeam "SK Kelheim 1920"]
[PlyCount "54"]
[WhiteFideId "12910295"]
[BlackFideId "24692603"]
[EventCountry "GER"]
[EventRounds "7"]
[EventType "team-swiss"]
[EventDate "2010.12.26"]

1. e4 e5 2. Nf3 Nc6 3. d4 exd4 4. Nxd4 Bc5 5. Nb3 Bb6 6. a4 a6 7. a5 Ba7 8. Nc3
d6 9. Be2 Qf6 10. Bf3 Nge7 11. Qe2 O-O 12. O-O Be6 13. Nd5 Bxd5 14. exd5 Ne5
15. Be4 N7g6 16. Ra4 Qh4 17. g3 Qd8 18. Kh1 Nd7 19. Be3 Nc5 20. Nxc5 Bxc5 21.
Bxc5 dxc5 22. Rc4 Qd6 23. Bxg6 hxg6 24. Re1 Rfe8 25. Re4 Rxe4 26. Qxe4 Rd8 27.
c4 Kf8 1/2-1/2

[Event "DVM U20 2010"]
[Site "Osnabrück GER"]
[Date "2010.12.30"]
[Round "7"]
[White "Zhou, Wile"]
[Black "Nieke, Gottfried"]
[Result "1-0"]
[Termination "normal"]
[Board "7.5"]
[WhiteElo "1719"]
[BlackElo "1430"]
[WhiteTeam "SK Kelheim 1920"]
[BlackTeam "USV TU Dresden"]
[PlyCount "111"]
[WhiteFideId "4695674"]
[EventCountry "GER"]
[EventRounds "7"]
[EventType "team-swiss"]
[EventDate "2010.12.26"]

1. e4 c5 2. Nf3 a6 3. d4 cxd4 4. Nxd4 e5 5. Nb3 Nf6 6. Nc3 Bb4 7. Bd2 d6 8. Bd3
O-O 9. O-O b5 10. a3 Bxc3 11. Bxc3 Bb7 12. f3 Qb6+ 13. Kh1 Nc6 14. Qe2 Ne7 15.
Ba5 Qc6 16. Bb4 Qc7 17. Na5 Nc6 18. Nxc6 Bxc6 19. c4 Qb8 20. cxb5 Bxb5 21. Bxb5
axb5 22. Rfd1 Rd8 23. Rd2 d5 24. Be7 Rd7 25. Bxf6 gxf6 26. exd5 Qb7 27. Rad1
Rad8 28. Qe4 Kg7 29. h3 Rd6 30. b3 Qd7 31. Qb4 Rc8 32. a4 bxa4 33. bxa4 Ra8 34.
a5 Qd8 35. Ra1 Rxd5 36. Rxd5 Qxd5 37. a6 Qc6 38. a7 Qc7 39. Qa5 Qd7 40. Qb6 Qd4
41. Qxd4 exd4 42. Kg1 Kg6 43. Kf2 Kf5 44. Ke2 Ke5 45. Kd3 Kd5 46. Ra5+ Kd6 47.
Kxd4 Kc6 48. Ke4 Kd6 49. Kf5 Ke7 50. Ra6 h5 51. h4 Kf8 52. Kxf6 Kg8 53. g4 hxg4
54. fxg4 Kh7 55. Kxf7 Kh8 56. Rh6# 1-0

[Event "DVM U20 2010"]
[Site "Osnabrück GER"]
[Date "2010.12.30"]
[Round "7"]
[White "Veckenstedt, Freya"]
[Black "Karl, Thomas"]
[Result "1/2-1/2"]
[Termination "normal"]
[Board "7.6"]
[WhiteElo "1229"]
[BlackElo "1421"]
[WhiteTeam "USV TU Dresden"]
[BlackTeam "SK Kelheim 1920"]
[PlyCount "67"]
[WhiteFideId "12927244"]
[BlackFideId "12927198"]
[EventCountry "GER"]
[EventRounds "7"]
[EventType "team-swiss"]
[EventDate "2010.12.26"]

1. e4 e5 2. Nf3 Nc6 3. Bc4 Bc5 4. c3 Nf6 5. d4 exd4 6. Nxd4 Nxd4 7. cxd4 Bb4+
8. Nc3 d5 9. exd5 Nxd5 10. Qe2+ Be6 11. Bd2 Bxc3 12. bxc3 O-O 13. O-O Re8 14.
Rfe1 c6 15. Qf3 Qf6 16. Qxf6 Nxf6 17. Bxe6 Rxe6 18. Rxe6 fxe6 19. Re1 Re8 20.
f4 Kf7 21. h3 Nd5 22. g4 g6 23. Rf1 Kg7 24. Kf2 Rf8 25. Ke2 b6 26. c4 Nc7 27.
Bc3 Kf7 28. h4 Ke8 29. Bb4 Rf7 30. Ke3 a5 31. Bd6 h6 32. g5 h5 33. a4 Kd7 34.
Bxc7 1/2-1/2

[Event "DVM U20 2010"]
[Site "Osnabrück GER"]
[Date "2010.12.30"]
[Round "7"]
[White "Neukötter, Max"]
[Black "Barbanera, Fabrizio"]
[Result "0-1"]
[Termination "normal"]
[Board "8.1"]
[WhiteElo "1989"]
[BlackElo "2115"]
[WhiteTeam "Schachfreunde Paderborn 2000"]
[BlackTeam "SC Neumühl"]
[PlyCount "110"]
[WhiteFideId "24648108"]
[BlackFideId "24657700"]
[EventCountry "GER"]
[EventRounds "7"]
[EventType "team-swiss"]
[EventDate "2010.12.26"]

1. e4 e6 2. d4 d5 3. Nd2 Nc6 4. c3 e5 5. exd5 Qxd5 6. Qe2 Be6 7. Ngf3 exd4 8.
cxd4 O-O-O 9. Qb5 Qxb5 10. Bxb5 Nxd4 11. Nxd4 Rxd4 12. O-O c6 13. Be2 Nf6 14.
Nf3 Rd8 15. a3 Bd6 16. b4 Rhe8 17. Re1 Bd5 18. Bb2 Re7 19. Bf1 Rxe1 20. Rxe1
Re8 21. Rd1 Kc7 22. Bd3 Bxf3 23. gxf3 Be5 24. Bc1 Nd5 25. Kg2 g6 26. b5 Rd8 27.
Re1 f6 28. bxc6 bxc6 29. Bc2 Rd7 30. Re4 Nb6 31. f4 Bd6 32. f5 g5 33. Bb2 Nd5
34. Bb3 Nf4+ 35. Kf3 Be7 36. a4 Rd3+ 37. Re3 Rxe3+ 38. fxe3 Nd3 39. Bd4 Nc5 40.
Bc2 h5 41. e4 Kd6 42. Ke3 a5 43. Bd1 h4 44. Bc2 Bd8 45. Ke2 Nd7 46. Bb3 Bb6 47.
Bc3 Ne5 48. h3 Bc7 49. Ke3 Bb6+ 50. Ke2 g4 51. hxg4 h3 52. Kf1 Nxg4 53. Ba1 h2
54. Kg2 Bg1 55. e5+ fxe5 0-1

[Event "DVM U20 2010"]
[Site "Osnabrück GER"]
[Date "2010.12.30"]
[Round "7"]
[White "Teichmann, Alexander"]
[Black "Nonhoff, Marko"]
[Result "0-1"]
[Termination "normal"]
[Board "8.2"]
[WhiteElo "1842"]
[BlackElo "1937"]
[WhiteTeam "SC Neumühl"]
[BlackTeam "Schachfreunde Paderborn 2000"]
[PlyCount "72"]
[WhiteFideId "24657735"]
[BlackFideId "4648269"]
[EventCountry "GER"]
[EventRounds "7"]
[EventType "team-swiss"]
[EventDate "2010.12.26"]

1. d4 Nf6 2. c4 e6 3. Nc3 Bb4 4. Qc2 O-O 5. a3 Bxc3+ 6. bxc3 d6 7. Bg5 Nbd7 8.
e4 e5 9. Bd3 h6 10. Bh4 Qe8 11. Ne2 Qe6 12. f3 Nb6 13. d5 Qe7 14. Qd2 Nbd7 15.
Ng3 Nc5 16. Bc2 Kh8 17. Nh5 g5 18. Bxg5 hxg5 19. Qxg5 Rg8 20. Qxf6+ Qxf6 21.
Nxf6 Rxg2 22. O-O-O Bh3 23. Rd2 Rg6 24. Nh5 Bg2 25. Rg1 Bxf3 26. Rxg6 fxg6 27.
Ng3 Kg7 28. Rf2 Rf8 29. Kd2 Rf6 30. h4 b6 31. Ke3 Bg4 32. Rg2 Rf3+ 33. Kd2 Bh3
34. Rg1 Rf2+ 35. Kc1 Kh6 36. Rh1 Bg4 0-1

[Event "DVM U20 2010"]
[Site "Osnabrück GER"]
[Date "2010.12.30"]
[Round "7"]
[White "Hötte, Philipp"]
[Black "Gadzali, Kevin"]
[Result "1-0"]
[Termination "normal"]
[Board "8.3"]
[WhiteElo "1901"]
[BlackElo "1687"]
[WhiteTeam "Schachfreunde Paderborn 2000"]
[BlackTeam "SC Neumühl"]
[PlyCount "39"]
[WhiteFideId "24696390"]
[BlackFideId "12926124"]
[EventCountry "GER"]
[EventRounds "7"]
[EventType "team-swiss"]
[EventDate "2010.12.26"]

1. e4 c5 2. Nc3 d6 3. f4 Nf6 4. Nf3 g6 5. Bb5+ Bd7 6. Bc4 Bg7 7. O-O Nc6 8. e5
Ng4 9. Ng5 dxe5 10. Bxf7+ Kf8 11. Be6 Nf6 12. fxe5 Nxe5 13. Qe2 Nc6 14. Bxd7
Qxd7 15. Ne6+ Kf7 16. Ne4 h5 17. N4xc5 Qc8 18. Qc4 Ne5 19. Qd4 Nc6 20. Ng5+ 1-0

[Event "DVM U20 2010"]
[Site "Osnabrück GER"]
[Date "2010.12.30"]
[Round "7"]
[White "Brzezinka, Kenneth"]
[Black "Georgi, Philip"]
[Result "1/2-1/2"]
[Termination "normal"]
[Board "8.4"]
[WhiteElo "1785"]
[BlackElo "1758"]
[WhiteTeam "SC Neumühl"]
[BlackTeam "Schachfreunde Paderborn 2000"]
[PlyCount "65"]
[WhiteFideId "1270239"]
[BlackFideId "4647750"]
[EventCountry "GER"]
[EventRounds "7"]
[EventType "team-swiss"]
[EventDate "2010.12.26"]

1. d4 d5 2. c4 e6 3. Nf3 Nf6 4. Bg5 Be7 5. Nc3 O-O 6. e3 Nbd7 7. Rc1 c6 8. Be2
Re8 9. O-O Nf8 10. cxd5 exd5 11. Rb1 Bf5 12. Bd3 Ne4 13. Bxe7 Qxe7 14. Qc2 Bg6
15. Ne5 Nd6 16. Nxg6 Nxg6 17. b4 b5 18. a4 a6 19. axb5 axb5 20. Ra1 Nc4 21.
Bxc4 dxc4 22. Qb2 Qb7 23. Rfc1 Ne7 24. Ne4 Rxa1 25. Rxa1 Ra8 26. Nc5 Rxa1+ 27.
Qxa1 Qc8 28. f3 Nd5 29. Qa3 h6 30. e4 Nf4 31. Kf2 Qd8 32. Qa1 Qh4+ 33. Kg1
1/2-1/2

[Event "DVM U20 2010"]
[Site "Osnabrück GER"]
[Date "2010.12.30"]
[Round "7"]
[White "Watrin, Jan"]
[Black "Gehle, Philipp"]
[Result "1/2-1/2"]
[Termination "normal"]
[Board "8.6"]
[WhiteElo "1592"]
[BlackElo "1497"]
[WhiteTeam "SC Neumühl"]
[BlackTeam "Schachfreunde Paderborn 2000"]
[PlyCount "47"]
[WhiteFideId "12922986"]
[EventCountry "GER"]
[EventRounds "7"]
[EventType "team-swiss"]
[EventDate "2010.12.26"]

1. e4 e5 2. Nf3 Nf6 3. Nxe5 d6 4. Nf3 Nxe4 5. Nc3 Nxc3 6. dxc3 Be7 7. Be3 Nc6
8. Be2 Be6 9. O-O O-O 10. Nd4 Nxd4 11. cxd4 d5 12. Bd3 Qd7 13. c3 c6 14. Qc2 h6
15. Rfe1 Bf6 16. Bf4 Rfe8 17. h3 Re7 18. Re3 Rae8 19. Rf3 Bg5 20. Qd2 Bxf4 21.
Qxf4 Qc8 22. Rg3 Kh8 23. Qe5 Bg4 24. Qf4 1/2-1/2